| 000 | 00839nam a2200253ua 4500 | ||
|---|---|---|---|
| 003 | armpcda | ||
| 005 | 20160802124729.0 | ||
| 040 |
_aarmpcda _bspa _carmpcda |
||
| 041 | _aspa | ||
| 100 | 1 | _aClichevsky, Nora | |
| 245 | 1 | 0 |
_aConstrucción y Gestión de la Ciudad _bFormas de intervención sobre la ciudad _cClichevsky Nora |
| 260 |
_aMar del Plata _bUniversidad Nacional de Mar del Plata. Facultad de Arquitectura, Urbanismo y Diseño _c2000-2001 |
||
| 300 | 0 | _a88 p. | |
| 490 | 0 |
_aMaestría en: Hábitat y Vivienda _v2 _pConstrucción y Gestión de la Ciudad |
|
| 650 | 4 | _aCIUDADES | |
| 650 | 4 | _aURBANISMO | |
| 650 | 4 | _aMERCADO DE TIERRAS | |
| 650 | 4 | _aDESIGUALDAD SOCIAL | |
| 650 | _aConstrucción y Gestión de la Ciudad | ||
| 942 |
_cLB _2CDU |
||
| 901 |
_an _bm |
||
| 001 | 000472 | ||
| 008 | 056020s2000 ||||||||||||||000 | spa|| | ||
| 999 |
_c198 _d198 |
||